| 000 | 00631nam a2200193 a 4500 | ||
|---|---|---|---|
| 001 | 000035018 | ||
| 005 | 20200930074041.0 | ||
| 008 | 111024s1973 sp 000 0 spa d | ||
| 040 |
_aDO-SdBNP _bspa _cBNPHU |
||
| 082 |
_axxxx _bxxxx |
||
| 100 | 1 |
_aWoodcock, George _960639 |
|
| 245 | 1 | 0 |
_aGandhi / _cGeorge Woodcock. |
| 260 |
_aBarcelona, : _bGrijalbo, _c1973. |
||
| 300 |
_a197 p. ; _c18 cm. |
||
| 490 | 1 |
_aMaestro del pensamiento contemporaneo _v6 |
|
| 504 | _aBibliografía : p. 195 | ||
| 590 | _aPerteneció a la biblioteca personal de Juan Isidro Jimenes Grullón | ||
| 830 | 0 |
_aMaestro del pensamiento contemporaneo _n6 _960640 |
|
| 999 |
_c34509 _d34509 |
||